Zahn-e-Insaani Hudood aur Imkanaat (Record no. 323079)
[ view plain ]
| 000 -LEADER | |
|---|---|
| fixed length control field | 00251 a2200097 4500 |
| 001 - CONTROL NUMBER | |
| control field | 88006 |
| 003 - CONTROL NUMBER IDENTIFIER | |
| control field | NUST |
| 082 ## - DEWEY DECIMAL CLASSIFICATION NUMBER | |
| Classification number | 150 SHA |
| 245 ## - TITLE STATEMENT | |
| Title | Zahn-e-Insaani Hudood aur Imkanaat |
| Statement of responsibility, etc. | Shahzad Ahmad |
| Medium | Urdu |
| 260 ## - PUBLICATION, DISTRIBUTION, ETC. | |
| Place of publication, distribution, etc. | Lahore |
| Name of publisher, distributor, etc. | Sang-e-Meel |
| Date of publication, distribution, etc. | 1990 |
| 942 ## - ADDED ENTRY ELEMENTS (KOHA) | |
| Institution code [OBSOLETE] | CAE NUST |
| Koha item type | Book |
| Call number prefix | 150 SHA |
| Source of classification or shelving scheme | |
| Withdrawn status | Lost status | Damaged status | Not for loan | Collection code | Permanent Location | Current Location | Date acquired | Total Checkouts | Full call number | Barcode | Date last seen | Price effective from | Koha item type |
|---|---|---|---|---|---|---|---|---|---|---|---|---|---|
| College of Aeronautical Engineering (CAE) | College of Aeronautical Engineering (CAE) | 04/03/2017 | 150 SHA | CAE65276 | 04/05/2017 | 04/05/2017 | Book |
